| 000 | 00536nam a2200205Ia 4500 | ||
|---|---|---|---|
| 003 | OSt | ||
| 005 | 20250802171102.0 | ||
| 008 | 210423s2003 xx 000 0 und d | ||
| 040 | _cAL | ||
| 041 | _aEnglish | ||
| 082 |
_a320 _bDASP |
||
| 100 |
_aSamir Kumar Das _9122974 |
||
| 245 | _aPeace orocess and peace accorde | ||
| 260 |
_aNew Delhi _bResponse Books _c2003 |
||
| 365 |
_b380 _cINR |
||
| 650 |
_aPolitical Science _9122975 |
||
| 650 |
_aPolitical Science _9122975 |
||
| 906 | _aaccorde ; orocess ; Peace | ||
| 942 |
_2ddc _cBK |
||
| 999 |
_c174130 _d174130 |
||